000
00332 a2200145 4500
001
179767
020
_a
040
_c
Magnum
100
_a
Kamii, Constance
240
1
0
_a
Piaget para a educacao pre-escolar
_l
por
245
1
0
_a
Piaget para a educacao pre-escolar
362
0
_a
1899
697
_a
MAGNITO: PEDAGOGIA
942
_c
BK
999
_c
179767
_d
179767